Extraligoví volejbalisti potešili hráči VKM sfúkli Nitru na jej palubovke

Bibliographic Details
Main Author: Rindoš, Peter (Author)
Format: Article
Language:Slovak
Subjects:

MARC

LEADER 00000nab a2200000 ar4500
001 vtls010210477
003 SK-MaSNL
005 20260303092320.0
008 171110c20110125xo dr|n|||||||000 b|slo
038 |a SLLK 
040 |a SLLK  |b slo  |c sllk  |e AACR2 
041 0 |a slo 
044 |a xo  |c SK 
080 |a 796.325  |2 2001 
100 1 |a Rindoš, Peter  |4 aut  |9 668686 
245 1 0 |a Extraligoví volejbalisti potešili  |b hráči VKM sfúkli Nitru na jej palubovke  |c Peter Rindoš ; foto: www.vkmstaralubovna.sk 
300 |b Fotogr., tab. 
610 2 7 |a Volejbalový klub mesta Stará Ľubovňa  |2 sllk  |9 1036307 
610 2 7 |a VK SPU Nitra  |2 sllk  |9 1097254 
648 7 |a 2011  |2 snkbucl  |9 328311 
650 0 7 |a šport  |2 snkbucl  |9 1042 
650 0 7 |a volejbal  |x extraliga  |x muži  |2 sllk  |9 872734 
651 7 |a Stará Ľubovňa (Slovensko)  |2 sllk  |9 19193 
651 7 |a Nitra (Slovensko)  |2 sllk  |9 15714 
773 0 |t Tatranský Korzár  |g Roč. XIII, č. 19 (25.1.2011)  |x 1335-7573 
773 0 |i Pril.  |t Ľubovniansky Korzár  |g Roč. III, č. 4 (25.1.2011), s. 8 
852 |a SLLK  |b KIS3GCP 
999 |c 1811708  |d 1813638